A level Physical Geography: Coasts Part 2 - Statistics

General Stats
  • This quiz has been taken 57 times
  • The average score is 9 of 23
Answer Stats
Hint Answer % Correct
Flooded U-shaped valley Fjord
72%
Curved, concrete walls to reflect waves back into the sea Sea Wall
72%
Timber or rock structures built at right angles to the coast Groyne
69%
Large rocks placed at the foot of a cliff creating a permeable barrier to the sea Rock Armour
67%
When land rises or falls, relative to the sea Isostatic
62%
Maintaining the current position of the coastline Hold the line
56%
Addition of sand or pebbles to an existing beach to make it higher or wider Beach Nourishment
54%
When sea level itself rises or falls Eustatic
51%
Drowned river valley caused by sea level rise Ria
51%
SMP; Involves making decisions about how coastal erosion and flooding should be managed along the whole coastal system Shoreline Management Plan
44%
Allows nature to 'take its course', eroding cliffs and land deemed invaluable No active intervention
41%
ICZM; Complete sections of coasts are managed as a whole Integrated Coastal Zone Management
38%
Involves building defences out to sea, effectively creating new land Advance the line
36%
Flooded valleys parallel to the coast Dalmation Coast
31%
Partially submerged rock barriers, designed to break up waves before they reach the coast Offshore breakwater
31%
Marram grass planted to reinforce dunes Dune stabilisation
28%
Sloping structures placed at the foot of a cliff that breaks the waves energy Revetments
23%
Short term change in sea level caused by low air pressure Storm Surge
23%
Sea level fall Marine regression
18%
Sea level rise Marine transgression
18%
A project that has social, economic and environmental benefits and lasts for a significant amount if time Sustainable Management
13%
Glacial deposition Accretion
10%
Occurs when erosion gets behind coastal defences leading to rapid coastal erosion inland and undermining of defences Outflanking
8%
No matching quizzes found
Score Distribution
Percent of People with Each Score
Percentile by Number Answered
Your Score History
You have not taken this quiz